LEADER 01010nam0-22003611i-450 001 990001627070403321 005 20200806092523.0 035 $a000162707 035 $aFED01000162707 035 $a(Aleph)000162707FED01 035 $a000162707 100 $a20030910d1983----km-y0itay50------ba 101 0 $aita 102 $aIT 105 $aa 001yy 200 1 $aMicologia$eappunti dalle lezioni$fR. Locci$graccolti da B. Petrolini Baldan, S. Quaroni e P. Sardi 210 $aMilano$cCLESAV$d1983 215 $a257 p.$cill.$d24 cm 610 0 $aMicologia 676 $a589.2 676 $a579.5$v23$zita 700 1$aLocci,$bRomano$078178 702 1$aPetrolini Baldan,$bB. 702 1$aQuaroni,$bSergio 702 1$aSardi,$bPaola 801 0$aIT$bUNINA$gRICA$2UNIMARC 901 $aBK 912 $a990001627070403321 952 $a60 579.5 LOCR 1983$b49072$fFAGBC 952 $a60 579.5 LOCR 1983 BIS$b49073$fFAGBC 959 $aFAGBC 996 $aMicologia$9366721 997 $aUNINA LEADER 01725nam0 22003373i 450 001 VAN0242815 005 20220901020024.175 017 70$2N$a9783662456675 100 $a20220311d2015 |0itac50 ba 101 $aeng 102 $aDE 105 $a|||| ||||| 200 1 $aDesign, Synthesis, and Structure-Property Relationship Study of Polymer Field-Effect Transistors$eDoctoral Thesis accepted by Peking University, Beijing, China$fTing Lei 210 $aHeidelberg$cSpringer$d2015 215 $aXIV, 115 p.$cill.$d24 cm 410 1$1001VAN0104193$12001 $aSpringer theses$erecognizing outstanding Ph.D. research$1210 $aBerlin$cSpringer$d2010- 620 $aDE$dHeidelberg$3VANL000282 676 $a620.192$cPolimeri$v22 676 $a620.1$cScienze dei materiali$v22 676 $a621.381$cElettronica. Microelettronica. Elettronica molecolare$v22 676 $a333.794$cRisorse di energia rinnovabili$v22 700 1$aLei$bTing$3VANV198624$0993463 712 $aSpringer $3VANV108073$4650 801 $aIT$bSOL$c20240614$gRICA 856 4 $uhttps://rd.springer.com/book/10.1007/978-3-662-45667-5$zE-book - Accesso al full-text attraverso riconoscimento IP di Ateneo, proxy e/o Shibboleth 899 $aBIBLIOTECA DEL DIPARTIMENTO DI SCIENZE E TECNOLOGIE AMBIENTALI BIOLOGICHE E FARMACEUTICHE$1IT-CE0101$2VAN17 912 $fN 912 $aVAN0242815 950 $aBIBLIOTECA DEL DIPARTIMENTO DI SCIENZE E TECNOLOGIE AMBIENTALI BIOLOGICHE E FARMACEUTICHE$d17CONS e-book 2219 $e17BIB2219/232 232 20220311 996 $aDesign, Synthesis, and Structure-Property Relationship Study of Polymer Field-Effect Transistors$92274720 997 $aUNICAMPANIA